Recurrent ingrown toenails: How should secondary surgery be managed? (notice n° 1573335)

détails MARC
000 -LEADER
fixed length control field 01174cam a2200169 4500500
005 - DATE AND TIME OF LATEST TRANSACTION
control field 20251214030006.0
041 ## - LANGUAGE CODE
Language code of text/sound track or separate title fre
042 ## - AUTHENTICATION CODE
Authentication code dc
100 10 - MAIN ENTRY--PERSONAL NAME
Personal name Beldame, J.
Relator term author
245 00 - TITLE STATEMENT
Title Recurrent ingrown toenails: How should secondary surgery be managed?
260 ## - PUBLICATION, DISTRIBUTION, ETC.
Date of publication, distribution, etc. 2025.<br/>
500 ## - GENERAL NOTE
General note 90
520 ## - SUMMARY, ETC.
Summary, etc. An ingrown toenail is caused by mechanical conflict between the nail plate and the periungual groove. This conflict causes inflammation and weakening of the groove, leading to bacterial infection. Recurrence of an ingrown toenail that has been surgically treated refers to the reappearance of symptoms after surgical treatment. It usually occurs within 3 months of the initial procedure. Management of recurrences should not completely rule out a new non-surgical treatment in cases of minor relapse. If further surgery is indicated, it should be preceded by a thorough clinical examination and additional tests.
700 10 - ADDED ENTRY--PERSONAL NAME
Personal name Munoz, M.-A.
Relator term author
786 0# - DATA SOURCE ENTRY
Note Médecine et chirurgie du pied | 40 | 1 | 2025-09-19 | p. 5-11 | 0759-2280
856 41 - ELECTRONIC LOCATION AND ACCESS
Uniform Resource Identifier <a href="https://stm.cairn.info/journal-medecine-et-chirurgie-du-pied-2025-1-page-5?lang=en&redirect-ssocas=7080">https://stm.cairn.info/journal-medecine-et-chirurgie-du-pied-2025-1-page-5?lang=en&redirect-ssocas=7080</a>

Pas d'exemplaire disponible.

PLUDOC

PLUDOC est la plateforme unique et centralisée de gestion des bibliothèques physiques et numériques de Guinée administré par le CEDUST. Elle est la plus grande base de données de ressources documentaires pour les Étudiants, Enseignants chercheurs et Chercheurs de Guinée.

Adresse

627 919 101/664 919 101

25 boulevard du commerce
Kaloum, Conakry, Guinée

Réseaux sociaux

Powered by Netsen Group @ 2025